Logo BPK

Biblioteka

Politechniki Koszalińskiej

Materiały budowlane i ich badania laboratoryjne / (Rekord nr 39631)

Szczegóły MARC
000 -ETYKIETA REKORDU
podpole kontrolne o stałej długości 00842nam a2200241 i 4500
001 - NUMER KONTROLNY REKORDU
pole kontrolne bg
020 ## - MIĘDZYNARODOWY ZNORMALIZOWANY NUMER KSIĄŻKI - ISBN
ISBN 8371991614
040 ## - ŹRÓDŁO KATALOGOWANIA
Instytucja, która utworzyła rekord BPK
041 0# - KOD JĘZYKA
Kod języka tekstu pl
080 ## - UNIWERSALNA KLASYFIKACJA DZIESIĘTNA - UKD
UKD 691.001.5(075.8)
920 ## - Międzynarodowy znormalizowany numer książki – ISBN
ISBN 83-7199-161-4
008 - POLE O STAŁEJ DŁUGOŚCI - DANE KONTROLNE
podpole kontrolne o stałej długości s pl f |000 0 pol
100 1# - NAZWA OSOBOWA
Nazwa osobowa LICHOŁAI, Lech
245 10 - TYTUŁ/ODPOWIEDZIALNOŚĆ
Tytuł Materiały budowlane i ich badania laboratoryjne /
Pozostałe elementy strefy tytułu i oznaczenia odpowiedzialności Lech Lichołai, Artur Szalacha.
260 ## - STREFA ADRESU WYDAWNICZEGO
Miejsce wydania Rzeszów :
Nazwa wydawcy/dystrybutora Oficyna Wydawnicza Politechniki Rzeszowskiej,
Data publikacji, dystrybucji/powstania dokumentu 2000.
300 ## - STREFA OPISU FIZYCZNEGO
Objętość 362 s. :
Inne cechy fizyczne fot., rys. ;
Rozmiary 24 cm.
504 ## - UWAGA DOTYCZĄCA BIBLIOGRAFII
Informacje o bibliografii Bibliogr.i wykaz norm s. 337-350.
521 ## - UWAGA DOTYCZĄCA PRZEZNACZENIA CZYTELNICZEGO
Przeznaczenie czytelnicze Dla studentów Wydziału Budownictwa i Inżynierii Środowiska do wykładów i ćwiczeń z przedmiotu "materiały budowlane".
650 #9 - HASŁO PRZEDMIOTOWE W FORMIE NAZWY OGÓLNEJ LUB JEDNOSTKOWEJ
Nazwa ogólna lub geograficzna Materiały budowlane
Określnik ogólny badanie
655 ## - TERMIN INDEKSOWY - OKREŚLENIE RODZAJU/FORMY DOKUMENTU
Określenie rodzaju/formy dokumentu Podręczniki akademickie
700 1# - HASŁO DODATKOWE - NAZWA OSOBOWA
Nazwa osobowa SZALACHA, Artur
856 ## - LOKALIZACJA I DOSTĘP DO ELEKTRONICZNYCH DOKUMENTÓW ZDALNYCH
Link (URL) http://koha.tu.koszalin.pl/cgi-bin/koha/opac-detail.pl?biblionumber=39631
Tekst linku Katalog online BPK
942 ## - DODATKOWE ELEMENTY (KOHA)
Typ dokumentu Książka
Egzemplarze
Wycofany Status egzemplarza Uszkodzony Dostępność Lokalizacja stała Lokalizacja bieżąca Miejsce przechowywania Sygnatura Kod kreskowy Typ dokumentu
      Dostępny Biblioteka Politechniki Koszalińskiej Biblioteka Politechniki Koszalińskiej Wypożyczalnia BG 59169 01551716 Książka
© 2023 Biblioteka Politechniki Koszalińskiej :: KOHA